A bend in the river / (Record no. 5418)

MARC details
000 -LEADER
fixed length control field 00826nam a2200157 4500
001 - CONTROL NUMBER
control field 6429
020 00 - INTERNATIONAL STANDARD BOOK NUMBER
International Standard Book Number 9780330522991
100 00 - MAIN ENTRY--PERSONAL NAME
Personal name Naipaul, V. S.
245 00 - TITLE STATEMENT
Title A bend in the river /
Remainder of title
Statement of responsibility, etc. V. S. Naipaul.
Medium
260 00 - PUBLICATION, DISTRIBUTION, ETC.
Place of publication, distribution, etc. London ;
Name of publisher, distributor, etc. Picador.
Date of publication, distribution, etc. 2011.
300 00 - PHYSICAL DESCRIPTION
Extent ix, 325 p ; 21 cm.
520 ## - SUMMARY, ETC.
Summary, etc. V.S. Naipaul takes us deeply into the life of one man, an Indian who, uprooted by the bloody tides of Third World history, has come to live in an isolated town at the bend of a great river in a newly independent African nation. Naipaul gives us the most convincing and disturbing vision yet of what happens in a place caught between the dangerously alluring modern world and its own tenacious past and traditions.
650 00 - SUBJECT ADDED ENTRY--TOPICAL TERM
Topical term or geographic name entry element Africa -- Fiction.
General subdivision
Topical term or geographic name entry element East Indians -- Africa -- Fiction.
General subdivision
Topical term or geographic name entry element East Indians.
General subdivision
Holdings
Withdrawn status Lost status Source of classification or shelving scheme Damaged status Not for loan Collection code Home library Current library Shelving location Date acquired Serial Enumeration / chronology Inventory number Total Checkouts Total Renewals Full call number Barcode Date last seen Date last checked out Price effective from Koha item type
    Dewey Decimal Classification     Main TEST RTC Library RTC Library Main opac 27/11/2018 10148 2 3 819.8 NAI 30011392 27/06/2019 04/06/2019 27/11/2018 Main
Royal Thimphu College || All Right Reserved